[Event "AGAG   III"]
[Site "SchemingMind.com"]
[Date "2020.02.28"]
[Round "-"]
[White "pmdpsp"]
[Black "Phillip Beckett"]
[Result "1-0"]
[WhiteCountry "GER"]
[BlackCountry "ENG"]
[WhiteElo "1790"]
[WhiteRD "78"]
[BlackElo "1517"]
[BlackRD "50"]
[GameID "451809"]

1. b3 b6 2. Bb2 Bb7 3. Nc3 e6 4. e4 Nf6 5. e5 Nd5 6. Nf3 Nxc3 7. Bxc3 Be7 8. d4 O-O 9. Bd3 f5 10. Qe2 c5
11. O-O-O cxd4 12. Nxd4 Qc7 13. Bb2 Nc6 14. Nb5 Qb8 15. g4 a6 16. Nd6 Bxd6 17. exd6 Qxd6 18. gxf5 exf5 19. Bxf5 Rae8 20. Qc4+
1-0

[Event "AGAG   III"]
[Site "SchemingMind.com"]
[Date "2020.02.28"]
[Round "-"]
[White "John Hamer"]
[Black "Phillip Beckett"]
[Result "1/2-1/2"]
[WhiteCountry "ENG"]
[BlackCountry "ENG"]
[WhiteElo "1900"]
[WhiteRD "71"]
[BlackElo "1550"]
[BlackRD "50"]
[GameID "451811"]

1. b3 b6 2. Bb2 Bb7 3. c4 e6 4. Nf3 f5 5. e3 Nf6 6. Nc3 Be7 7. d4 O-O 8. Bd3 Ne4 9. O-O d5 10. Rc1 Nd7
11. cxd5 exd5 12. Qe2 Ndf6 13. Rfe1 Rc8 14. Nb5 c6 15. Nxa7 Ra8 16. Nxc6 Bxc6 17. Rxc6 Rxa2 18. Bb1 Ra8 19. Ne5 Bd6 20. f3 Ng5
21. Bxf5 Bxe5 22. dxe5 Nd7 23. e4 dxe4 24. fxe4 Nxe5 25. Rd1 Qe7 26. Rc2 Rad8 27. Bd4 Nef7 28. h4 Ne6 29. Bxb6 Rxd1+ 30. Qxd1 Rd8
31. Bxd8 Qxd8 32. Qg4 Nf8 33. h5 Nh6 34. Qe2 Qd4+ 35. Kf1 Nxf5 36. exf5 Qf4+ 37. Ke1 Qg3+ 38. Kd2 Qf4+ 39. Kd3 Qxf5+ 40. Kc3 Qf6+
41. Kd3 Qf5+ 42. Kc4 Qc8+ 43. Kb5 Qb7+ 44. Ka4 Qd7+ 45. Ka3 Qd6+ 46. b4 Qg3+ 47. Ka2 Qd6 48. Qc4+ Kh8 49. b5 h6 50. Qe4 Qb6
51. Rb2 Qa5+ 52. Kb1 Qb6 53. Qe1 Qd4 54. b6 Qd3+ 55. Rc2 Qb3+ 56. Rb2 Qd3+ 57. Kc1 Qc4+ 58. Rc2 Qb3 59. Rb2= Qc4+ 60. Rc2 Qf4+=
1/2-1/2

[Event "AGAG   III"]
[Site "SchemingMind.com"]
[Date "2020.02.28"]
[Round "-"]
[White "Phillip Beckett"]
[Black "JAHI"]
[Result "0-1"]
[WhiteCountry "ENG"]
[BlackCountry "INT"]
[WhiteElo "1530"]
[WhiteRD "51"]
[BlackElo "1992"]
[BlackRD "69"]
[GameID "451812"]

1. b3 e6 2. Bb2 a6 3. e3 a5 4. f4 Na6 5. Nf3 d6 6. Be2 Bd7 7. O-O h6 8. d3 h5 9. Nc3 h4 10. Ng5 h3
11. g3 Be7 12. Bh5 Bxg5 13. fxg5 Qxg5 14. Bf3 Qxe3+ 15. Kh1 Bc6 16. Bxc6+ bxc6 17. Ne4 e5 18. Qf3 Qxf3+ 19. Rxf3 f6 20. d4 d5
21. Nf2 e4 22. Re3 Kf7 23. Rf1 Re8 24. Ng4 Ne7 25. Ne5+ Ke6 26. Ng4 Nf5 27. Ree1 a4 28. Ne3 Nxe3 29. Rxe3 axb3 30. cxb3 c5
31. dxc5 Nxc5 32. Ba3 Nd3 33. Rd1 Nf2+
0-1

[Event "AGAG   III"]
[Site "SchemingMind.com"]
[Date "2020.02.28"]
[Round "-"]
[White "JAHI"]
[Black "Phillip Beckett"]
[Result "1-0"]
[WhiteCountry "INT"]
[BlackCountry "ENG"]
[WhiteElo "1992"]
[WhiteRD "69"]
[BlackElo "1530"]
[BlackRD "51"]
[GameID "451813"]

1. b3 b6 2. Bb2 Bb7 3. e3 e6 4. a3 f5 5. a4 Nf6 6. Na3 Be7 7. h3 O-O 8. h4 Nc6 9. h5 Ne4 10. h6 g6
11. Be2 d5 12. Nh3 Bf6 13. c3 Na5 14. Qc2 c5 15. d3 Nd6 16. d4 cxd4 17. cxd4 Rc8 18. Qd1 Qd7 19. Nb5 Nxb5 20. axb5 Qc7
21. Bd3 Qb8 22. Ra4 Qc7 23. Nf4 Qe7 24. Ba3 Qd7 25. Bxf8 Rxf8 26. b4 e5 27. dxe5 Bxe5 28. bxa5 Bxf4 29. Rxf4 Re8 30. Qa1 bxa5
31. Qxa5 Qd6 32. Qa1 Qc7 33. Bxf5 gxf5 34. Rh5 Re7 35. Rhxf5 d4 36. Rf8#
1-0

[Event "AGAG   III"]
[Site "SchemingMind.com"]
[Date "2020.02.28"]
[Round "-"]
[White "Phillip Beckett"]
[Black "Raymond de Kemp"]
[Result "1-0"]
[WhiteCountry "ENG"]
[BlackCountry "NED"]
[WhiteElo "1550"]
[WhiteRD "50"]
[BlackElo "1855"]
[BlackRD "68"]
[GameID "451814"]

1. b3 e5 2. Bb2 Nc6 3. e3 Nf6 4. Be2 d5 5. Nf3 e4 6. Nd4 Bd7 7. Nxc6 Bxc6 8. Nc3 a6 9. d4 exd3 10. Bxd3 d4
11. exd4 Bxg2 12. Rg1 Bh3 13. Qf3 Bc8 14. O-O-O g6 15. Rge1+ Be6 16. d5 Nxd5 17. Nxd5 Bh6+ 18. Kb1 O-O 19. Nf6+ Kh8 20. Ng4+ Bg7
21. Bxg6 Qg5 22. Bxg7+
1-0

[Event "AGAG   III"]
[Site "SchemingMind.com"]
[Date "2020.03.04"]
[Round "-"]
[White "Raymond de Kemp"]
[Black "Phillip Beckett"]
[Result "1-0"]
[WhiteCountry "NED"]
[BlackCountry "ENG"]
[WhiteElo "1855"]
[WhiteRD "68"]
[BlackElo "1550"]
[BlackRD "50"]
[GameID "451815"]

1. b3 b6 2. Bb2 Bb7 3. c4 e6 4. Nc3 f5 5. e3 Nf6 6. Nf3 Be7 7. Bd3 O-O 8. h4 d6 9. h5 Nc6 10. h6 g6
11. Qe2 Nb4 12. a3 Nxd3+ 13. Qxd3 Ne4 14. Nd4 d5 15. Nxe6 Qd7 16. Nxf8 Rxf8 17. Nxd5 Bxd5 18. Qxd5+
1-0

[Event "AGAG   III"]
[Site "SchemingMind.com"]
[Date "2020.02.28"]
[Round "-"]
[White "Phillip Beckett"]
[Black "splinter"]
[Result "0-1"]
[WhiteCountry "ENG"]
[BlackCountry "CAN"]
[WhiteElo "1550"]
[WhiteRD "50"]
[BlackElo "1830"]
[BlackRD "71"]
[GameID "451816"]

1. b3 d5 2. Bb2 Nc6 3. e3 Bf5 4. Nc3 Nf6 5. Nf3 e5 6. Bb5 Bd6 7. O-O O-O 8. d4 exd4 9. Nxd4 Nxd4 10. exd4 c6
11. Bd3 Bxd3 12. Qxd3 Qc7 13. g3 Rae8 14. Rae1 Qd7 15. Qd2 Qh3 16. Rxe8 Rxe8 17. f4 Ng4 18. Nd1 c5 19. Qg2 Qxg2+ 20. Kxg2 Ne3+
21. Nxe3 Rxe3 22. Rf3 Re4 23. dxc5 Bxc5 24. Kf1 Re8 25. Rd3 Rd8 26. Ke2 f6 27. Bd4 b6 28. c4 Re8+ 29. Kd2 Bb4+ 30. Kc2 Re2+
31. Kc1 dxc4 32. bxc4 Rxa2 33. Bb2 Bc5 34. Kb1 Ra4 35. Rd8+ Kf7 36. Rd7+ Kg6 37. g4 Rb4 38. f5+ Kg5 39. Rxg7+ Kh6 40. Rd7 Be3
41. Kc2 Rxc4+ 42. Kd3 Rb4 43. Kxe3 Rxb2 44. Rxa7 Rxh2 45. Rb7 Rb2 46. Ke4 b5 47. Rb6 Kg5 48. Kf3 Rb3+ 49. Ke2 h6
0-1

[Event "AGAG   III"]
[Site "SchemingMind.com"]
[Date "2020.02.28"]
[Round "-"]
[White "splinter"]
[Black "Phillip Beckett"]
[Result "1-0"]
[WhiteCountry "CAN"]
[BlackCountry "ENG"]
[WhiteElo "1838"]
[WhiteRD "70"]
[BlackElo "1517"]
[BlackRD "50"]
[GameID "451817"]

1. b3 b6 2. Bb2 Bb7 3. Nc3 g6 4. e3 Bg7 5. Nf3 f5 6. d4 Nf6 7. Bd3 O-O 8. O-O d5 9. Ne2 Ne4 10. c4 e6
11. cxd5 exd5 12. Rc1 Nd7 13. Bxe4 dxe4 14. Ne5 Nxe5 15. dxe5 Qxd1 16. Rfxd1 Rfe8 17. Rxc7 Ba6 18. Nf4 Bxe5 19. Bxe5 Rxe5 20. Rdd7 Rc8
21. Rxc8+ Bxc8 22. Rd8+ Kg7 23. Rxc8 Re7 24. Rc7 Rxc7 25. Ne6+
1-0

[Event "AGAG   III"]
[Site "SchemingMind.com"]
[Date "2020.02.28"]
[Round "-"]
[White "Phillip Beckett"]
[Black "Sergio"]
[Result "1-0"]
[WhiteCountry "ENG"]
[BlackCountry "RUS"]
[WhiteElo "1530"]
[WhiteRD "51"]
[BlackElo "1016"]
[BlackRD "135"]
[GameID "451818"]

1. b3 e5 2. Bb2 Nc6 3. e4 Nf6 4. Nc3 Bc5 5. Nf3 O-O 6. Nxe5 Nxe5 7. d4 Bd6 8. dxe5 Bxe5 9. Bd3 d5 10. exd5 Nxd5
11. Na4 Bxb2 12. Nxb2 Re8+ 13. Be2 Bg4 14. f3 Bxf3 15. gxf3 Qh4+ 16. Kd2 Qf4+ 17. Ke1 Nc3 18. Qd3
1-0

[Event "AGAG   III"]
[Site "SchemingMind.com"]
[Date "2020.03.02"]
[Round "-"]
[White "Sergio"]
[Black "Phillip Beckett"]
[Result "0-1"]
[WhiteCountry "RUS"]
[BlackCountry "ENG"]
[WhiteElo "1016"]
[WhiteRD "135"]
[BlackElo "1530"]
[BlackRD "51"]
[GameID "451819"]

1. b3 b6 2. e4 Bb7 3. Nc3 e6 4. Bb2 Be7 5. d4 Nf6 6. e5 Nd5 7. Nxd5 Bxd5 8. h4 c5 9. c4 Bb7 10. d5 exd5
11. cxd5 Bxh4 12. Qg4 Qg5 13. Rxh4 Qxg4 14. Rxg4 h5 15. Rxg7 Bxd5 16. O-O-O Be6
0-1

[Event "AGAG   III"]
[Site "SchemingMind.com"]
[Date "2020.02.28"]
[Round "-"]
[White "Phillip Beckett"]
[Black "Siets"]
[Result "0-1"]
[WhiteCountry "ENG"]
[BlackCountry "NED"]
[WhiteElo "1517"]
[WhiteRD "50"]
[BlackElo "1838"]
[BlackRD "114"]
[GameID "451820"]

1. b3 c5 2. Bb2 Nc6 3. e3 a6 4. Be2 e6 5. f4 Nf6 6. Nf3 Be7 7. O-O O-O 8. d3 Qc7 9. Nbd2 Nd5 10. Qe1 Nxe3
11. Qg3 Nf5 12. Qf2 Qxf4 13. g3 Qh6 14. Nc4 b5 15. Nce5 Nb4 16. Ng4 Qh3 17. Ne3 Bb7 18. Nxf5 exf5 19. Bd1 Rac8 20. a3 Nd5
21. Ne5 Bg5 22. Bg4 Qh6 23. Bxf5 Be3 24. Ng4 Bxf2+ 25. Rxf2 Qb6 26. Be4 c4 27. bxc4 bxc4 28. Be5 cxd3 29. cxd3 f5
0-1

[Event "AGAG   III"]
[Site "SchemingMind.com"]
[Date "2020.02.28"]
[Round "-"]
[White "Siets"]
[Black "Phillip Beckett"]
[Result "1-0"]
[WhiteCountry "NED"]
[BlackCountry "ENG"]
[WhiteElo "1838"]
[WhiteRD "114"]
[BlackElo "1517"]
[BlackRD "50"]
[GameID "451821"]

1. b3 b6 2. c4 Bb7 3. Nc3 g6 4. e3 Bg7 5. d4 Nf6 6. Nf3 O-O 7. Bd3 e6 8. e4 d6 9. Bd2 c5 10. d5 e5
11. Bg5 Nbd7 12. Qd2 Re8 13. Nb5 Qe7 14. h4 Qf8 15. h5 Nxh5 16. Rxh5 gxh5 17. Nh4 f6 18. Be3 Rec8 19. Nf5 a6 20. Nbxd6 Rc7
21. Be2 b5 22. Bxh5 Bc8 23. Ne8 Rca7 24. Nexg7 Nb8 25. Bh6 Rxg7 26. Bxg7 Qd8 27. Qh6 Bxf5 28. exf5 Qe7 29. Bxf6 Qc7 30. Qg5+
1-0

[Event "AGAG   III"]
[Site "SchemingMind.com"]
[Date "2020.02.29"]
[Round "-"]
[White "pmdpsp"]
[Black "John Hamer"]
[Result "0-1"]
[WhiteCountry "GER"]
[BlackCountry "ENG"]
[WhiteElo "1729"]
[WhiteRD "78"]
[BlackElo "1900"]
[BlackRD "71"]
[GameID "451822"]

1. b3 e5 2. Bb2 Nc6 3. e3 Nf6 4. Nf3 e4 5. Nd4 Nxd4 6. Bxd4 d5 7. Be2 Bd6 8. d3 Bf5 9. Nd2 O-O 10. Bb2 Re8
11. O-O Rc8 12. Re1 Qe7 13. Nf1 Rcd8 14. a3 Qe6 15. f3 exf3 16. Bxf3 Bg6 17. Qe2 Qf5 18. Bxf6 Qxf6 19. d4 c6 20. c4 dxc4
21. bxc4 Re6 22. Qb2 Re7 23. Re2 Bd3 24. Rd2 Bxc4 25. e4 Bf4 26. Rf2 Rxd4 27. Be2 Rexe4 28. Bxc4 Rxc4 29. Qxf6 gxf6 30. Rd1 Ra4
31. Nd2 Red4 32. Re2 Rxa3 33. g3 Be3+ 34. Kf1 Rad3 35. Ke1 a5
0-1

[Event "AGAG   III"]
[Site "SchemingMind.com"]
[Date "2020.02.29"]
[Round "-"]
[White "John Hamer"]
[Black "pmdpsp"]
[Result "1-0"]
[WhiteCountry "ENG"]
[BlackCountry "GER"]
[WhiteElo "1900"]
[WhiteRD "71"]
[BlackElo "1729"]
[BlackRD "78"]
[GameID "451823"]

1. b3 e5 2. Bb2 Nc6 3. c4 Bc5 4. e3 d6 5. Nf3 Bg4 6. Be2 f5 7. O-O Nf6 8. h3 Bh5 9. d4 Bb6 10. Nbd2 e4
11. Ng5 Bxe2 12. Qxe2 Qe7 13. d5 Nd8 14. b4 h6 15. Bxf6 gxf6 16. Qh5+ Kd7 17. Ne6 Nxe6 18. Qxf5 c6 19. Nxe4 Raf8 20. Rad1 Kc7
21. dxe6 Rd8 22. c5 dxc5 23. bxc5 Ba5 24. Qf4+ Kc8 25. Nd6+ Rxd6 26. cxd6 Qxe6 27. d7+ Kd8 28. Qb8+ Ke7 29. Qxh8 Bd8 30. Qe8#
1-0

[Event "AGAG   III"]
[Site "SchemingMind.com"]
[Date "2020.02.29"]
[Round "-"]
[White "pmdpsp"]
[Black "JAHI"]
[Result "0-1"]
[WhiteCountry "GER"]
[BlackCountry "INT"]
[WhiteElo "1684"]
[WhiteRD "77"]
[BlackElo "2039"]
[BlackRD "66"]
[GameID "451824"]

1. b3 e6 2. Bb2 a6 3. Nf3 a5 4. e4 Na6 5. d4 d6 6. Bd3 Bd7 7. O-O h6 8. Na3 h5 9. Nc4 b6 10. Ne3 h4
11. h3 Be7 12. Qe2 Qc8 13. a3 c6 14. c4 Qb7 15. Nd2 Nh6 16. f4 Kf8 17. f5 Kg8 18. e5 exf5 19. Nxf5 Nxf5 20. Bxf5 dxe5
21. dxe5 Bxf5 22. Rxf5 Qd7 23. e6 Qxe6 24. Re5 Bc5+ 25. Kh1 Qg6 26. Re4 Bf8 27. Rg4 Qe6 28. Qf2 Nc5 29. Qd4 Rh7 30. Rf1 Qd7
31. Qc3 Qd3 32. Qf6 Ra7 33. Qf2 Rd7 34. Rd4 Qg3 35. Qe2 Re7 36. Qd1 Nd3 37. Kg1 Qe3+ 38. Kh2 Nxb2 39. Qg4 Nd3 40. Ne4 Rh6
41. Rf3 Qxd4 42. Nf6+ Qxf6 43. Rxf6 Rxf6 44. Qxh4 Ree6
0-1

[Event "AGAG   III"]
[Site "SchemingMind.com"]
[Date "2020.02.28"]
[Round "-"]
[White "JAHI"]
[Black "pmdpsp"]
[Result "0-1"]
[WhiteCountry "INT"]
[BlackCountry "GER"]
[WhiteElo "2039"]
[WhiteRD "66"]
[BlackElo "1684"]
[BlackRD "77"]
[GameID "451825"]

1. b3 e5 2. e3 d5 3. Bb2 Nc6 4. Bb5 Bd6 5. a3 Bd7 6. Bxc6 Bxc6 7. a4 Qg5 8. Kf1 Nf6 9. Qe2 e4 10. Na3 a6
11. h3 O-O 12. h4 Qf5 13. h5 b5 14. h6 g6 15. axb5 Bxa3 16. bxc6 Bxb2 17. Rxa6= Ng4 18. Ra4 Rxa4 19. bxa4 Ra8 20. Rh4 Rxa4
21. Qxg4 Ra1+ 22. Ke2 Qxg4+ 23. Rxg4 f5 24. Rh4 Rxg1 25. c3 Kf7 26. Rh2 Ke6 27. f3 Kd6 28. c4 exf3+ 29. gxf3 dxc4 30. Rh4 Kc5
31. Rh2 Rc1 32. Kf2 Rc2 33. Ke1 Bc3 34. Kd1 Ra2 35. Re2 Bf6 36. e4 Kd4 37. f4 fxe4 38. Rh2 g5 39. f5 g4 40. Rg2 Bg5
41. Rxg4 Bxd2 42. Ke2 Bxh6+ 43. Kf1 c3 44. Rg2 Ra1+ 45. Kf2 c2 46. Rg1 Be3+ 47. Kg3 Rxg1+ 48. Kh3 c1=Q 49. f6 Rg6 50. Kh2 Qg1+
51. Kh3 Qg3#
0-1

[Event "AGAG   III"]
[Site "SchemingMind.com"]
[Date "2020.03.04"]
[Round "-"]
[White "pmdpsp"]
[Black "Raymond de Kemp"]
[Result "0-1"]
[WhiteCountry "GER"]
[BlackCountry "NED"]
[WhiteElo "1729"]
[WhiteRD "78"]
[BlackElo "1855"]
[BlackRD "68"]
[GameID "451826"]

1. b3 e5 2. Bb2 Nc6 3. e3 d5 4. Nf3 Bd6 5. Nc3 Nf6 6. d3 e4 7. dxe4 dxe4 8. Nd2 Qe7 9. Bc4 Bg4 10. Be2 Bxe2
11. Qxe2 O-O-O 12. O-O-O Bb4 13. Ncxe4 Bxd2+ 14. Nxd2 Nb4 15. Ba3 Nxa2+ 16. Kb2 Nb4 17. Bxb4 Qxb4 18. Ra1 Rxd2 19. Qxd2 Qxd2 20. Rhd1 Qxf2
21. Rxa7 Nd7
0-1

[Event "AGAG   III"]
[Site "SchemingMind.com"]
[Date "2020.03.04"]
[Round "-"]
[White "Raymond de Kemp"]
[Black "pmdpsp"]
[Result "1-0"]
[WhiteCountry "NED"]
[BlackCountry "GER"]
[WhiteElo "1871"]
[WhiteRD "66"]
[BlackElo "1682"]
[BlackRD "76"]
[GameID "451827"]

1. b3 e5 2. Bb2 Nc6 3. e3 Bc5 4. d4 exd4 5. exd4 Qe7+ 6. Be2 Bb4+ 7. Nc3 Nf6 8. a3 Ba5 9. Nf3 O-O 10. O-O a6
11. Re1 Qd8 12. b4 Bb6 13. Na4 Ba7 14. d5 Nb8 15. c4 d6 16. Bd3 b5 17. cxb5 axb5 18. Bxb5 Bd7 19. Bxd7 Qxd7 20. Bxf6 gxf6
21. Re4 Bxf2+ 22. Kxf2 Rxa4 23. Nh4 Ra8 24. Rg4+ Kh8 25. Qd4 Qd8 26. Re1 Rxa3 27. Qb2 Rd3 28. Nf5 Rxd5 29. Qc2 Qd7 30. Ne3 Rh5
31. h3 Rg8 32. Rxg8+ Kxg8 33. Ng4 Rf5+ 34. Kg1 Kg7 35. Qc3 Qd8 36. Qg3 Nc6 37. Ne5+ Kf8 38. Nxc6 Qa8 39. Qc3 Kg7 40. Re7 Qb7
41. Nd8 Qb6+ 42. Kh2 Qf2 43. Qc4 Qf4+ 44. Qxf4 Rxf4 45. Ne6+
1-0

[Event "AGAG   III"]
[Site "SchemingMind.com"]
[Date "2020.02.28"]
[Round "-"]
[White "pmdpsp"]
[Black "splinter"]
[Result "0-1"]
[WhiteCountry "GER"]
[BlackCountry "CAN"]
[WhiteElo "1790"]
[WhiteRD "78"]
[BlackElo "1838"]
[BlackRD "70"]
[GameID "451828"]

1. b3 d5 2. Bb2 Nc6 3. Nf3 Bf5 4. e3 Nf6 5. c4 Nb4 6. Na3 Bd3 7. Ne5 Bxf1 8. Rxf1 dxc4 9. Naxc4 Qd5 10. f3 Nd3+
11. Nxd3 Qxd3 12. Rc1 Nd7 13. Rc3 Qg6 14. Kf2 e6 15. d4 Bb4 16. Rc2 O-O 17. a3 Be7 18. Kg1 Rad8 19. Na5 Nf6 20. Nxb7 Rd5
21. Rxc7 Bd6 22. Nxd6 Rxd6 23. Rxa7 Nd5 24. Qe2 Rc8 25. Ra6 Rdd8 26. Qd2 Rc2 27. Qf2 Rxf2 28. Rxf2 Qb1+ 29. Rf1 Qxb2 30. b4 Nxe3
31. Rf2 Qb1+ 32. Rf1 Qxf1#
0-1

[Event "AGAG   III"]
[Site "SchemingMind.com"]
[Date "2020.02.28"]
[Round "-"]
[White "splinter"]
[Black "pmdpsp"]
[Result "0-1"]
[WhiteCountry "CAN"]
[BlackCountry "GER"]
[WhiteElo "1838"]
[WhiteRD "70"]
[BlackElo "1790"]
[BlackRD "78"]
[GameID "451829"]

1. b3 e5 2. Bb2 Nc6 3. e3 d6 4. Nc3 Nf6 5. Be2 Be7 6. Nf3 O-O 7. O-O e4 8. Ne1 d5 9. d4 Bd6 10. f4 Ne7
11. g4 h6 12. Nb5 Bb4 13. c3 Ba5 14. b4 Bb6 15. a4 c6 16. Na3 Nh7 17. Ng2 f5 18. g5 hxg5 19. fxg5 Nxg5 20. Nf4 Rf6
21. h4 Ne6 22. Rf2 Ng6 23. h5 Ngxf4 24. exf4 e3 25. Rf3 Rh6 26. Rh3 Nxf4 27. Rg3 Qh4
0-1

[Event "AGAG   III"]
[Site "SchemingMind.com"]
[Date "2020.02.28"]
[Round "-"]
[White "pmdpsp"]
[Black "Sergio"]
[Result "1-0"]
[WhiteCountry "GER"]
[BlackCountry "RUS"]
[WhiteElo "1682"]
[WhiteRD "76"]
[BlackElo "1016"]
[BlackRD "135"]
[GameID "451830"]

1. b3 e5 2. Bb2 Nc6 3. e3 d5 4. d4 exd4 5. exd4 Qf6 6. Nf3 Nge7 7. Be2 g5 8. Nc3 Bf5 9. O-O O-O-O 10. Na4 h5
11. Ne5 Nxe5 12. dxe5 Qg6 13. e6 Rh7 14. exf7 Nc6 15. g4 hxg4 16. Bxg4 Rh4 17. Bxf5+
1-0

[Event "AGAG   III"]
[Site "SchemingMind.com"]
[Date "2020.03.02"]
[Round "-"]
[White "Sergio"]
[Black "pmdpsp"]
[Result "0-1"]
[WhiteCountry "RUS"]
[BlackCountry "GER"]
[WhiteElo "1016"]
[WhiteRD "135"]
[BlackElo "1682"]
[BlackRD "76"]
[GameID "451831"]

1. b3 e5 2. Bb2 Nc6 3. c4 Bc5 4. e3 d6 5. Nc3 f5 6. Nd5 Nf6 7. d4 exd4 8. exd4 Nxd5 9. dxc5 Qe7+ 10. Be2 Nf6
11. cxd6 cxd6 12. Nh3 Be6 13. O-O O-O-O 14. Re1 Kb8 15. Nf4 Bc8 16. Nd5 Nxd5
0-1

[Event "AGAG   III"]
[Site "SchemingMind.com"]
[Date "2020.02.28"]
[Round "-"]
[White "pmdpsp"]
[Black "Siets"]
[Result "0-1"]
[WhiteCountry "GER"]
[BlackCountry "NED"]
[WhiteElo "1790"]
[WhiteRD "78"]
[BlackElo "1838"]
[BlackRD "114"]
[GameID "451832"]

1. b3 e5 2. Bb2 f6 3. e3 d5 4. Nc3 Be6 5. Bb5+ c6 6. Bd3 b5 7. a4 b4 8. Na2 a5 9. c3 Nd7 10. cxb4 axb4
11. Qc2 Qb6 12. Rc1 Ne7 13. Bxh7 e4 14. Bxe4 dxe4 15. Qxe4 Bxb3 16. Nxb4 Rxa4 17. Bc3 Nc5 18. Qb1 Bc4 19. d4 Nb3 20. Nc2 Nd5
21. Bd2 Nb4 22. Ne2 Nxc1 23. Nxc1 Nd3+ 24. Nxd3 Qxb1+ 25. Ke2 Qxc2
0-1

[Event "AGAG   III"]
[Site "SchemingMind.com"]
[Date "2020.02.28"]
[Round "-"]
[White "Siets"]
[Black "pmdpsp"]
[Result "0-1"]
[WhiteCountry "NED"]
[BlackCountry "GER"]
[WhiteElo "1838"]
[WhiteRD "114"]
[BlackElo "1790"]
[BlackRD "78"]
[GameID "451833"]

1. b3 e5 2. Bb2 Nc6 3. a3 Bc5 4. e3 d5 5. g3 Nf6 6. Bb5 d4 7. h3 Bd7 8. Qf3 O-O 9. e4 a6 10. Bc4 b5
11. Be2 Be6 12. d3 Nd5 13. Nd2 f5 14. Qg2 Nc3 15. Bf3 fxe4 16. Nxe4 Bd5 17. Nxc5 Bxf3 18. Nxf3 Qd5 19. Nh4 Qxc5 20. f3 Ne7
21. O-O Ned5 22. Rfe1 Ne3 23. Qd2 Ncd5 24. Re2 Nf5 25. Qg5 Nxh4 26. gxh4 Ne3 27. Rae1 Rf6 28. Bxd4 Qxd4 29. Qxe3 Qxh4 30. Qxe5 Raf8
31. Rg2 Qxh3 32. Qxc7 R6f7 33. Qg3 Qd7 34. Ree2 Rxf3 35. Qh4 Rf1+ 36. Kh2 Qd6+ 37. Rg3 R8f2+ 38. Rxf2 Rxf2+ 39. Kh3 Rxc2 40. Qh5 Qe6+
41. Qg4 Qh6+ 42. Qh4 Rh2+ 43. Kxh2 Qxh4+ 44. Kg2 Qd4 45. b4 Qb2+ 46. Kf3 Qxa3 47. Ke4 Qxb4+ 48. d4 a5 49. Rg5 Qe7+
0-1

[Event "AGAG   III"]
[Site "SchemingMind.com"]
[Date "2020.02.29"]
[Round "-"]
[White "John Hamer"]
[Black "Siets"]
[Result "1-0"]
[WhiteCountry "ENG"]
[BlackCountry "NED"]
[WhiteElo "1900"]
[WhiteRD "71"]
[BlackElo "1775"]
[BlackRD "89"]
[GameID "451842"]

1. b3 c5 2. c4 e6 3. Bb2 Nf6 4. Nf3 Be7 5. e3 Nc6 6. Be2 O-O 7. O-O Qc7 8. Nc3 b6 9. Rc1 a6 10. d3 Bd8
11. Re1 Ne5 12. d4 Neg4 13. dxc5 bxc5 14. h3 Nh6 15. Bd3 Bb7 16. e4 e5 17. g4 Ne8 18. g5 Kh8 19. gxh6 gxh6 20. Nd5 Qd6
21. Bxe5+ Qxe5 22. Nxe5 Bh4 23. Qh5
1-0

[Event "AGAG   III"]
[Site "SchemingMind.com"]
[Date "2020.03.04"]
[Round "-"]
[White "JAHI"]
[Black "Raymond de Kemp"]
[Result "1-0"]
[WhiteCountry "INT"]
[BlackCountry "NED"]
[WhiteElo "2039"]
[WhiteRD "66"]
[BlackElo "1879"]
[BlackRD "69"]
[GameID "451844"]

1. b3 e5 2. e3 d5 3. Bb2 Nc6 4. Bb5 Bd6 5. a3 Bd7 6. Bxc6 Bxc6 7. a4 Nf6 8. Na3 d4 9. f3 dxe3 10. dxe3 Nd5
11. Qe2 Qh4+ 12. g3 Qb4+ 13. Kf1 Bc5 14. Nc4 O-O-O 15. e4 Nc3 16. Qe1 Na2 17. Rxa2 Qxe1+ 18. Kxe1 f6 19. a5 Rd7 20. a6 b5
21. Na5 Rhd8 22. Bc3 Rd1+ 23. Ke2 Be8 24. Nb7 Rxg1 25. Rxg1 Bxg1 26. Nxd8 Kxd8 27. Ra1 Bc5 28. Bd2 b4 29. Ra5 Bd6 30. Be3 c5
31. Bxc5 Bc7 32. Ra1 Bb5+ 33. Kd2 Bc6 34. Bxa7
1-0

[Event "AGAG   III"]
[Site "SchemingMind.com"]
[Date "2020.03.04"]
[Round "-"]
[White "Raymond de Kemp"]
[Black "JAHI"]
[Result "0-1"]
[WhiteCountry "NED"]
[BlackCountry "INT"]
[WhiteElo "1846"]
[WhiteRD "71"]
[BlackElo "2063"]
[BlackRD "70"]
[GameID "451845"]

1. b3 e6 2. Bb2 a6 3. g3 a5 4. e4 Na6 5. Nf3 d6 6. d4 Bd7 7. Nc3 Be7 8. Bg2 h6 9. O-O h5 10. h3 h4
11. g4 c6 12. Ne2 d5 13. e5 Nh6 14. Bc1 Kf8 15. c4 Qc7 16. g5 Nf5 17. cxd5 exd5 18. Re1 g6 19. Bf4 Be6 20. a3 Kg7
21. Nh2 Rae8 22. Ng4 Qb6 23. Qd3 c5 24. Red1 cxd4 25. Nxd4 Qxd4 26. Qxd4 Nxd4 27. Rxd4 Nc5 28. Rad1 Bxg4 29. hxg4 Ne6 30. Be3 Nxd4
31. Bxd4 Bxg5 32. e6+ Bf6 33. exf7 Kxf7 34. Bxd5+ Kg7 35. Be3 Rd8 36. g5 Be5 37. f4 Bb2 38. Rd2 Rhf8 39. Bxb7 Bc1 40. Bd4+ Rxd4
0-1

[Event "AGAG   III"]
[Site "SchemingMind.com"]
[Date "2020.02.28"]
[Round "-"]
[White "JAHI"]
[Black "splinter"]
[Result "1-0"]
[WhiteCountry "INT"]
[BlackCountry "CAN"]
[WhiteElo "2063"]
[WhiteRD "70"]
[BlackElo "1866"]
[BlackRD "71"]
[GameID "451846"]

1. b3 d5 2. e3 Nc6 3. Bb5 Bd7 4. Bxc6 Bxc6 5. Bb2 d4 6. f3 dxe3 7. dxe3 Qxd1+ 8. Kxd1 O-O-O+ 9. Kc1 Nf6 10. Ne2 e6
11. a3 Nd5 12. e4 Ne7 13. a4 Rg8 14. a5 Ng6 15. a6 b6 16. Ba3 Bd6 17. Bxd6 Rxd6 18. Na3 Rgd8 19. Nc4 R6d7 20. Nc3 f5
21. exf5 exf5 22. Re1 Re7 23. Rxe7 Nxe7 24. Ne5 Be8 25. Nd3 Nc6 26. Kb2 g5 27. Re1 Bg6 28. f4 g4 29. Nb5 Kb8 30. Re6 Nd4
31. Nxd4 Rxd4 32. Ne5 Kc8 33. Nc6 Rd6 34. Nxa7+ Kd7 35. Rxd6+ cxd6 36. Nb5 Kc8 37. Nxd6+ Kb8 38. b4 Ka7 39. b5 h5 40. g3 Bh7
41. Nc8+
1-0

[Event "AGAG   III"]
[Site "SchemingMind.com"]
[Date "2020.02.28"]
[Round "-"]
[White "splinter"]
[Black "JAHI"]
[Result "0-1"]
[WhiteCountry "CAN"]
[BlackCountry "INT"]
[WhiteElo "1850"]
[WhiteRD "71"]
[BlackElo "2039"]
[BlackRD "66"]
[GameID "451847"]

1. b3 e6 2. Bb2 a6 3. e3 a5 4. f4 Na6 5. Nf3 d6 6. Be2 Bd7 7. O-O h6 8. Nc3 h5 9. a4 h4 10. Ne4 h3
11. g3 Bc6 12. Nf2 f6 13. Bb5 Qd7 14. Bxc6 Qxc6 15. Ne1 f5 16. Qf3 Nf6 17. Qxc6+ bxc6 18. Nf3 Nb4 19. c3 Na6 20. Ng5 Nc5
21. b4 Nb3 22. Rad1 Kd7 23. bxa5 Rxa5 24. c4 Rxa4 25. d3 Ra2 26. Bc3 Rc2 27. Bd4 Be7 28. Nf3 c5 29. Bxf6 Bxf6 30. Rb1 Nd2
31. Nxd2 Rxd2 32. Rfd1 Ra2 33. d4 cxd4 34. exd4 Rc2 35. c5 Ra8 36. Ra1 Rxa1 37. Rxa1 Bxd4 38. Rf1 Bxc5
0-1

[Event "AGAG   III"]
[Site "SchemingMind.com"]
[Date "2020.02.28"]
[Round "-"]
[White "JAHI"]
[Black "Sergio"]
[Result "1-0"]
[WhiteCountry "INT"]
[BlackCountry "RUS"]
[WhiteElo "1992"]
[WhiteRD "69"]
[BlackElo "1016"]
[BlackRD "135"]
[GameID "451848"]

1. b3 e5 2. e3 d5 3. Bb2 Bd6 4. a3 Nf6 5. a4 Qe7 6. Na3 a6 7. Be2 O-O 8. h3 e4 9. h4 c5 10. h5 h6
11. Nh3
1-0